| 000 | 00679nam a2200277Ia 4500 | ||
|---|---|---|---|
| 003 | OSt | ||
| 005 | 20220912150238.0 | ||
| 006 | a|||||r|||| 00| 0 | ||
| 007 | ta | ||
| 008 | 220909b |||||||| |||| 00| 0 eng d | ||
| 024 | _a51682 | ||
| 037 | _cTextual | ||
| 040 |
_aCSL _beng _cCSL |
||
| 041 | _aeng | ||
| 082 | _aH21, M7 | ||
| 100 | _aCas R A F | ||
| 245 | 0 | _aVolcanic successions | |
| 260 |
_aLondon _bAllen & Unwin _c1987 |
||
| 300 |
_axviii,528p. _ccm. |
||
| 500 | _aBibliography 487-512p | ||
| 650 | _a Igneous rocks | ||
| 650 | _aGeology | ||
| 700 | _a Wright | ||
| 942 |
_hH21, M7 _cTEXL _2CC |
||
| 999 |
_c42851 _d42851 |
||